|
|
|
|
| LEADER |
00000nam0a2200000 4500 |
| 001 |
283120 |
| 005 |
20231101235551.0 |
| 010 |
|
|
|a 9785811418022
|
| 035 |
|
|
|a (RuTPU)RU\TPU\book\307157
|
| 090 |
|
|
|a 283120
|
| 100 |
|
|
|a 20150204d2015 m y0rusy50 ca
|
| 101 |
0 |
|
|a rus
|
| 102 |
|
|
|a RU
|
| 105 |
|
|
|a a j 001zy
|
| 200 |
1 |
|
|a Алгоритмы вычислительной статистики в системе R
|e учебное пособие
|f А. Г. Буховец, П. В. Москалев
|
| 205 |
|
|
|a 2-е изд., перераб. и доп.
|
| 210 |
|
|
|a Санкт-Петербург
|c Лань
|d 2015
|
| 215 |
|
|
|a 148 с.
|c ил.
|
| 225 |
1 |
|
|a Учебники для вузов. Специальная литература
|
| 320 |
|
|
|a Библиогр.: с. 126.
|
| 330 |
|
|
|a В учебном пособии в краткой форме излагается теоретический материал и приводятся примеры решения практических задач по разделам: линейная алгебра, теория вероятностей, методы оценивания и проверки гипотез, метод главных компонент, регрессионный и кластерный анализ с применением свободной системы статистической обработки данных и программирования R. В приложениях к настоящему пособию содержатся сведения по установке и использованию системы R, а также листинги программ, которые могут быть использованы в учебном процессе.Учебное пособие предназначено для студентов, обучающихся по направлению «Прикладная информатика», программа которых предусматривает изучение современных средств и методов вычислительной статистики.
|
| 606 |
1 |
|
|a Математическая статистика
|2 stltpush
|3 (RuTPU)RU\TPU\subj\41210
|9 61018
|
| 610 |
1 |
|
|a вычислительная статистика
|
| 610 |
1 |
|
|a алгоритмы
|
| 610 |
1 |
|
|a система R
|
| 610 |
1 |
|
|a линейная алгебра
|
| 610 |
1 |
|
|a вероятности
|
| 610 |
1 |
|
|a гипотезы
|
| 610 |
1 |
|
|a оценивание
|
| 610 |
1 |
|
|a проверка
|
| 610 |
1 |
|
|a метод главных компонент
|
| 610 |
1 |
|
|a кластерный анализ
|
| 610 |
1 |
|
|a учебные пособия
|
| 675 |
|
|
|a 519.22(075.8)
|v 4
|
| 700 |
|
1 |
|a Буховец
|b А. Г.
|g Алексей Георгиевич
|
| 701 |
|
1 |
|a Москалев
|b П. В.
|g Павел Валентинович
|
| 801 |
|
1 |
|a RU
|b 63413507
|c 20150204
|
| 801 |
|
2 |
|a RU
|b 63413507
|c 20150703
|g RCR
|
| 942 |
|
|
|c BK
|
| 959 |
|
|
|a 1/20150126
|d 5
|e 550,00
|f ЧЗТЛ:1
|f АНЛ:1
|f УФ:3
|